Loading...
| Any History | 0 | 9 | 2 | 1 | 80 | 74 | 103.56 | 0 | 1 | 0.00 | 0.00 |
| History - American | 0 | 9 | 2 | 1 | 80 | 41 | 78.78 | 4 | 6 | 0.00 | 0.00 |
| History - World | 0 | 9 | 2 | 2 | 80 | 31 | 84.33 | 1 | 3 | 0.00 | 0.00 |
| Literature - British | 0 | 7 | 0 | 1 | 70 | 83 | 115.14 | 0 | 1 | 0.00 | 0.00 |
| Fine Arts - Other | 0 | 7 | 0 | 1 | 70 | 56 | 94.43 | 1 | 3 | 0.00 | 0.00 |
| Literature - American | 0 | 7 | 0 | 0 | 70 | 65 | 109.14 | 1 | 2 | 0.00 | 0.00 |
| Other Academic | 0 | 6 | 0 | 3 | 60 | 35 | 104.00 | 1 | 2 | 0.00 | 0.00 |
| Religion | 0 | 5 | 0 | 1 | 50 | 50 | 102.20 | 0 | 2 | 0.00 | 0.00 |
| Social Science | 0 | 6 | 2 | 2 | 50 | 62 | 102.67 | 0 | 2 | 0.00 | 0.00 |
| Current Events | 0 | 5 | 0 | 0 | 50 | 22 | 54.80 | 1 | 5 | 0.00 | 0.00 |
| History - European | 0 | 7 | 4 | 2 | 50 | 33 | 86.57 | 2 | 3 | 0.00 | 0.00 |
| Literature - European | 0 | 4 | 0 | 1 | 40 | 84 | 110.00 | 0 | 0 | 0.00 | 0.00 |
| Geography | 0 | 5 | 4 | 0 | 30 | 15 | 42.80 | 1 | 4 | 0.00 | 0.00 |
| Literature - World | 0 | 4 | 2 | 0 | 30 | 94 | 117.50 | 0 | 0 | 0.00 | 0.00 |
| Philosophy | 0 | 3 | 1 | 0 | 25 | 58 | 95.67 | 0 | 1 | 0.00 | 0.00 |
| Mythology | 0 | 2 | 0 | 0 | 20 | 56 | 69.50 | 0 | 1 | 0.00 | 0.00 |
| Painting & Sculpture | 0 | 2 | 1 | 0 | 15 | 79 | 85.50 | 0 | 0 | 0.00 | 0.00 |
| Fine Arts - Classical Music | 0 | 1 | 0 | 0 | 10 | 127 | 127.00 | 0 | 0 | 0.00 | 0.00 |
| Science - Biology | 0 | 0 | 1 | 0 | -5 | 0.00 | 0 | 0 | 0.00 | 0.00 |